000 00746cam a2200205 i 4500
005 20251108175420.0
008 250721s2008 ua gr 000 0 ara d
020 _a9789774560637
082 1 4 _a153.35
_bع ب د
100 1 _aعبد المعطي، عبدالله محمد
_eمؤلف.
245 1 0 _aكيف تصنع طفلاً مبدعاُ في عام ؟ /
_cعبدالله محمد عبد المعطى.
250 _aالطبعة الأولى.
264 3 1 _aالقاهرة :
_bدار الاندلس الجديدة للنشر و التوزيع،
_c2008.
300 _a239 صفحة.
650 1 7 _aالإبداع.
650 1 7 _aالتربية.
650 1 7 _aعلم النفس.
942 _2ddc
_cBK
999 _c133588
_d133588